| 000 | 00602nam a22001937a 4500 | ||
|---|---|---|---|
| 005 | 20251108165329.0 | ||
| 008 | 250721s1985 xx 000 0 ara d | ||
| 082 | 1 | 4 | _a928.23/جوي |
| 100 | 1 | _aجروس، جون | |
| 245 | 1 | 0 | _aجيمس جويس / |
| 250 | _aط2 | ||
| 264 | 1 |
_aبغداد : _bالمكتبة العالمية، _c1985. |
|
| 300 | _a120ص | ||
| 490 | 0 | _aسلسلة أعلام الفكر العالمي : المجموعة الأدبية | |
| 650 | 1 | 7 | _aالأدب الإنجليزي |
| 700 | 1 |
_aعبد المنعم، مجاهد _eترجمة |
|
| 942 |
_2ddc _cBK |
||
| 999 |
_c25274 _d25274 |
||